000 01777nam a2200481 i 4500
001 ELB106155
003 FINmELB
005 20250326043548.0
006 m o u
007 cr cn|||||||||
008 210309s2015 sp ob 001 0 spa d
020 _a9781512966404
_q(e-book)
020 _z9788492889495
035 _a(OCoLC)1241984336
040 _aFINmELB
_bspa
_erda
_cFINmELB
050 4 _aPC2065
_b.F736 2015
080 _a811.133.1
082 0 4 _a448.007
_223
245 0 0 _aFrancés (Nivel medio) /
_ccoordinadora de la obra: Ma. Dolores Pérez Rodríguez.
250 _a2a. Edición.
264 1 _aMálaga :
_bEditorial ICB,
_c2015.
300 _a1 recurso en línea (204 páginas)
336 _atexto
_btxt
_2rdacontent/spa
337 _acomputadora
_bc
_2rdamedia/spa
338 _arecurso en línea
_bcr
_2rdacarrier/spa
500 _aContiene índice.
500 _aIncluye solucionario.
504 _aIncluye bibliografía.
588 _aDescripción basada en metadatos suministrados por el editor y otras fuentes.
590 _aRecurso electrónico. Santa Fe, Arg.: elibro, 2021. Disponible vía World Wide Web. El acceso puede estar limitado para las bibliotecas afiliadas a elibro.
650 0 _aFrench language
_xComposition and exercises.
650 4 _aFrancés
_xEstudio y enseñanza.
650 4 _aFrancés
_xComposición y ejercicios.
650 0 _aFrench language
_xStudy and teaching.
655 4 _aLibros electrónicos.
700 1 _aPérez Rodríguez, María Dolores,
_ecoordinador.
797 2 _aelibro, Corp.
856 4 0 _uhttps://elibro.net/ereader/usam/106155
999 _c148643
_d148643